| 000 | 00351nam a22001457a 4500 | ||
|---|---|---|---|
| 003 | SGT | ||
| 020 | _a978543343038 | ||
| 082 |
_a610.72 _bDWI |
||
| 100 | _aDWIVEDI, DR. SUMEET | ||
| 245 | _aA TEXTBOOK BIOSTATISTICS AND RESEARCH METHODOLOGY | ||
| 260 |
_aINDIA _bPEE VEE _c2021 |
||
| 300 | _a129 | ||
| 650 | _a RESEARCH METHODOLOGY | ||
| 942 |
_2ddc _cBK |
||
| 999 |
_c32459 _d32459 |
||